000 00800nam a22002531 4500
001 143653
003 SpMaBN
005 20230706145021.0
008 981210s1962 sp spa
016 7 _abimoBNE20000172684
_zIND9800829967
_2SpMaBN
017 _aB 27298-1962
_bOficina Depósito Legal Barcelona
035 _a(OCoLC)432713782
040 _aSpMaBN
_bspa
_cCDM
_dES-MaACL
080 _a613.2(02)
100 0 _aSero, Joaquín
_0XX1136342
_9105590
240 1 0 _aNi viejo ni enfermo
245 1 0 _aNi viejo ni enfermo /
_cJoaquín Sero
260 _aBarcelona:
_bHymsa,
_c1962
_fSociedad General de Publicaciones
300 _a175 p. :
_bgrab. ;
_c21 cm
650 4 _aDietética
_2embne
_911884
650 4 _aNutrición
_2embne
_915650
942 _2udc
_cMONOGRAFIA
999 _c143653
_d143653